000 00522nam a2200181Ia 4500
999 _c21184
_d21184
003 OSt
005 20200623121638.0
008 190216s9999||||xx |||||||||||||| ||und||
020 _a9788125032694
040 _coclc
082 _a954.0317
_bBHA/R
100 _aBhattacharya, Sabyasachi
_93077
245 0 _aRethinking 1857 /
_cSabyasachi Bhattacharya
260 _bOrient Longman,
_aHyderbad:
_c2007.
300 _a317p
650 _aHistory
942 _cBK
_2ddc
_h954.0317
_iBHA/R
_k954.0317
_mBHA/R